Normal view
MARC view
Entry Personal Name
001 - CONTROL NUMBER
- control field: 40276
003 - CONTROL NUMBER IDENTIFIER
- control field: dpl
005 - DATE AND TIME OF LATEST TRANSACTION
- control field: 20120128134713.0
008 - FIXED-LENGTH DATA ELEMENTS
- fixed length control field: 120128|||a|||||| | ||| d
040 ## - CATALOGING SOURCE
- Original cataloging agency: dpl
- Transcribing agency: dpl
100 ## - HEADING--PERSONAL NAME
- Personal name: शर्मा, बादल कुमार
670 ## - SOURCE DATA FOUND
- Source citation: Work cat.: (dpl): शर्मा, बादल कुमार, गोल्ड भारत में इन्टरनेट कैसे प्रयोग करें /, व.अ.
670 ## - SOURCE DATA FOUND
- Source citation: Work cat.: (dpl): शर्मा, बादल कुमार, गोल्ड भारत में इन्टरनेट कैसे प्रयोग करें /, व.अ.
